| 000 | 00965nam a2200325 a 4500 | ||
|---|---|---|---|
| 001 | 000108423 | ||
| 003 | CHAP | ||
| 005 | 20240515125943.0 | ||
| 008 | 140211s2013 flua |r| |||1|||eng d | ||
| 010 | _a104885 | ||
| 011 | _a105857 | ||
| 020 | _a9781439844540 | ||
| 040 | _cCHAP | ||
| 082 | 0 | 4 |
_a635.955 _bS68 |
| 245 | 0 | 0 |
_aSoils and human health / _ceditado por Eric C. Brevik, Lynn C. Burgess. |
| 260 |
_aBoca Raton, FL. : _bCRC Press, _c2013. |
||
| 300 |
_axvi, 391 p. : _bil. _e+ CD ROM (4 3/4 plg.) |
||
| 590 |
_aE11695DGD _b10 _c20140211 |
||
| 590 |
_aE11695DGD _b10 _c20140211 |
||
| 590 |
_aE5652GLJ _b05 _c20140211 |
||
| 650 | 1 | 4 |
_aSuelos y clima. _9110569 |
| 650 | 1 | 4 |
_aSuelos y enfermedades (Humanas) _9110576 |
| 650 | 1 | 4 |
_aSuelos y nutrición. _9110578 |
| 650 | 1 | 4 |
_aSuelos _xEcología. _9110343 |
| 700 | 1 |
_aBrevik, Eric C. _eed. _9125399 |
|
| 700 | 1 |
_aBurgess, Lynn C. _eed. _9125400 |
|
| 901 | _aBK | ||
| 942 |
_cLIBRO _2ddc |
||
| 942 |
_n0 _2ddc |
||
| 999 |
_c104885 _d104885 |
||